[Event "New Zealand Open Championship 2017"]
[Site "Wellington NZL"]
[Date "2017.01.05"]
[Round "5.10"]
[White "List, Robert"]
[Black "Timergazi, Layla"]
[Result "0-1"]
[WhiteElo "1780"]
[BlackElo "2117"]
[PlyCount "23"]
[EventDate "2017.??.??"]

1. e4 c6 2. d4 d5 3. e5 c5 4. dxc5 Nc6 5. Bb5 e6 6. Bxc6+ bxc6 7. b4 Ne7 8. c3
Nf5 9. Nf3 Ba6 10. a4 Rb8 11. g4 Nh4 {Diagram #} 12. Nbd2 $4 {No doubt this
move has many fine positional characteristics, but there is a slight technical
drawback to the idea which is left as an exercise for the reader} 0-1

[Event "New Zealand Open Championship 2017"]
[Site "Wellington NZL"]
[Date "2017.01.05"]
[Round "5.23"]
[White "Winter, Ryan"]
[Black "Gold, Hamish R"]
[Result "1/2-1/2"]
[WhiteElo "1592"]
[BlackElo "1788"]
[PlyCount "111"]
[EventDate "2017.??.??"]

1. d4 Nf6 2. c4 e5 3. dxe5 Ng4 4. e4 Nxe5 5. f4 Ng6 6. Nf3 Bc5 7. Nc3 Nc6 8. a3
a5 9. Qd3 Ra6 10. Be2 Nh4 11. Ng5 Nd4 12. Na4 Ba7 13. c5 Nxe2 14. Qxe2 O-O 15.
O-O d5 16. e5 Nf5 17. g4 Nd4 18. Qd3 Rh6 19. Qxd4 Bxg4 20. f5 Rh4 21. h3 h6 22.
hxg4 hxg5 23. Be3 f6 24. e6 c6 25. Kg2 Qc7 26. Rh1 Bb8 27. Bf2 Rh2+ 28. Rxh2
Qxh2+ 29. Kf3 Be5 30. Qd1 Qf4+ 31. Kg2 Qe4+ 32. Kg1 Kh7 33. Nc3 Qf4 34. Qe2 g6
35. fxg6+ Kxg6 36. Qd3+ Kg7 37. Qf5 Qh2+ 38. Kf1 Qh1+ 39. Bg1 Rh8 40. Ke2 Rh3
41. Rd1 Qg2+ 42. Ke1 Qxg1+ 43. Kd2 Qe3+ 44. Kc2 Bxc3 45. e7 Rh2+ 46. Kb3 Rxb2+
47. Ka4 b5+ 48. cxb6 Qxe7 49. Rh1 Qe4+ 50. Qxe4 dxe4 51. Rc1 Bd4 52. Rc4 Bxb6
53. Rxe4 {Diagram #} c5 $2 54. Re7+ Kg6 55. Rg7+ $1 Kh6 56. Rh7+ 1/2-1/2

[Event "New Zealand Open Championship 2017"]
[Site "Wellington NZL"]
[Date "2017.01.06"]
[Round "6.3"]
[White "Reilly, Tim"]
[Black "Gong, Daniel Hanwen"]
[Result "1/2-1/2"]
[WhiteElo "2166"]
[BlackElo "2255"]
[PlyCount "84"]
[EventDate "2017.??.??"]

1. d4 Nf6 2. c4 g6 3. Nc3 Bg7 4. e4 d6 5. f3 O-O 6. Be3 c5 7. Nge2 Nc6 8. d5
Ne5 9. Ng3 h5 10. Be2 h4 11. Nf1 e6 12. f4 {Diagram #} Nxc4 $1 {
This is theory I suppose} 13. Bxc4 b5 14. Nxb5 {Now Black gets on top} ({
The super GM clash Svidler-Grischuk London 2013 continued in maximally chaotic
fashion with} 14. Bxb5 exd5 15. e5 dxe5 16. fxe5 Bg4 17. exf6 Bxd1 18. fxg7
Kxg7 19. Bxc5 h3 20. Rxd1 hxg2 21. Rg1 gxf1=Q+ 22. Kxf1 {and Black managed to
eventually draw with Queen against three very active pieces}) 14... exd5 15.
exd5 Re8 16. h3 Ne4 17. Rb1 Ng3 $2 (17... Qa5+ $1 {
pushes White beyond breaking point}) 18. Nxg3 hxg3 19. Qd2 Bf5 20. Rd1 a6 21.
Nxd6 $1 {necessary, White can't allow Black to play ...Bd4 unmolested} Qxd6 22.
O-O Bxb2 23. Rf3 Bf6 24. Rxg3 Rab8 25. Kh1 {Diagram #} Rb4 ({The simple} 25...
Rb2 $1 {followed by ...Bh4 and ...Be4 targetting g2 wins for Black}) 26. Bd3
Rb2 27. Qc1 Bxd3 28. Bxc5 Qxd5 29. Rdxd3 Qxa2 30. Rd1 Rc2 31. Qa3 Qc4 32. Bd6
Qe2 33. Qd3 {
White finally manages to force the Queens off and the game burns out to a draw}
Qxd3 34. Rdxd3 Re1+ 35. Kh2 Rcc1 36. Rge3 Rxe3 37. Rxe3 a5 38. Re8+ Kh7 39. Ra8
Ra1 40. Ra7 Kg7 41. Be5 Bxe5 42. fxe5 Kg8 1/2-1/2

[Event "New Zealand Open Championship 2017"]
[Site "Wellington NZL"]
[Date "2017.01.06"]
[Round "6.5"]
[White "Goodhue, Nathan"]
[Black "Dive, Russell J"]
[Result "0-1"]
[WhiteElo "2035"]
[BlackElo "2440"]
[PlyCount "68"]
[EventDate "2017.??.??"]

1. c4 e5 2. Nc3 Nc6 3. g3 g6 4. Bg2 Bg7 5. e4 d6 6. Nge2 Nge7 7. d3 O-O 8. O-O
f5 9. exf5 Nxf5 10. Nd5 Nfd4 11. Nxd4 Nxd4 12. Ne3 c6 13. Nc2 Ne6 14. Be3 c5
15. Qd2 {(=)} a5 16. Rab1 Rb8 17. a4 Bd7 18. b3 Bc6 19. Bh6 Bxg2 20. Kxg2 Nf4+
21. Bxf4 exf4 22. f3 d5 23. Qf2 Qb6 24. b4 axb4 25. Rxb4 Qc6 26. Rb5 b6 27.
Rfb1 dxc4 28. dxc4 Bc3 29. gxf4 Rxf4 30. Rxc5 Qxa4 31. Rd5 Rbf8 32. Ne3 {
Diagram #} Rxf3 33. Qxf3 Qa2+ 34. Kg1 Rxf3 0-1

[Event "New Zealand Open Championship 2017"]
[Site "Wellington NZL"]
[Date "2017.01.06"]
[Round "6.24"]
[White "Gold, Hamish R"]
[Black "Pakenham, John"]
[Result "1-0"]
[WhiteElo "1788"]
[BlackElo "1724"]
[PlyCount "89"]
[EventDate "2017.??.??"]

1. e4 Nf6 2. e5 Nd5 3. d4 d6 4. c4 Nb6 5. f4 Bf5 6. Nc3 h6 7. g4 Bh7 8. Nf3 e6
9. Be3 Be7 10. Qd2 N8d7 11. O-O-O d5 12. cxd5 Nxd5 13. Nxd5 exd5 14. Bd3 Bxd3
15. Qxd3 Nb6 16. f5 Qd7 17. Bf4 O-O-O 18. Rhe1 Nc4 {Diagram #} 19. e6 fxe6 20.
Rxe6 Bf6 21. h4 g5 22. Be5 Bxe5 23. Nxe5 Nxe5 24. Rxe5 Rde8 25. h5 Kd8 26. Rde1
Rhf8 27. Qa3 a6 28. Qc5 c6 29. Qb6+ Kc8 30. Kd2 Rg8 31. Kd3 Rgf8 32. Qa7 Kc7
33. a4 Qc8 34. a5 Kd7 35. Qc5 Qd8 36. Re6 Kc8 37. R1e5 Rh8 38. Rg6 Qc7 {
Diagram #} 39. Rxh6 Qg7 40. Rxh8 Qxh8 41. Qd6 Rd8 42. Qe6+ Kc7 43. Qf7+ Rd7 44.
Re7 Qd8 45. Rxd7+ 1-0

[Event "New Zealand Open Championship 2017"]
[Site "Wellington NZL"]
[Date "2017.01.06"]
[Round "6.28"]
[White "Zhao, Aiden Tyler"]
[Black "He, Caleb"]
[Result "1/2-1/2"]
[WhiteElo "1298"]
[BlackElo "1145"]
[PlyCount "137"]
[EventDate "2017.??.??"]

1. e4 e5 2. Nf3 Nc6 3. Bc4 Bc5 4. c3 a6 5. d4 exd4 6. cxd4 Ba7 7. O-O h6 8. Nc3
d6 9. Qd3 Nf6 10. Re1 b5 11. Bb3 Be6 12. d5 Nb4 13. Qd2 Bg4 14. Qe2 O-O 15. a3
Bxf3 16. Qxf3 a5 17. axb4 axb4 18. Na2 Qd7 19. Be3 c6 20. dxc6 Qxc6 21. Bxa7
Rxa7 22. Nxb4 Rxa1 23. Rxa1 Qxe4 24. Qxe4 Nxe4 25. Bd5 Nc5 26. h3 Ne6 27. Rd1
Rd8 28. Bc6 Kf8 29. Rd5 Nc7 30. Rd3 Ke7 31. Re3+ Kf6 32. Nd5+ Nxd5 33. Bxd5 g5
34. Rf3+ Ke5 35. Bc6 b4 36. Rxf7 d5 37. Kf1 Kd4 38. Bb5 Rb8 39. Bc6 Kc4 40. Rf5
Rd8 41. g3 Kb3 42. Bxd5+ Kxb2 43. Bc6 Ka2 44. Rd5 Rxd5 45. Bxd5+ Kb2 46. Ke2
Kc3 47. Kf3 Kd4 48. Bg8 Ke5 49. Kg4 Kf6 50. Kh5 Kg7 51. Bb3 Kh7 52. h4 gxh4 53.
gxh4 Kg7 54. f4 Kh8 55. Bc4 Kh7 56. Bd3+ Kg7 57. Kg4 Kf6 58. Bc4 Kg7 59. Kf5
Kh7 60. Kf6 Kh8 61. h5 Kh7 62. Kf7 Kh8 63. f5 Kh7 64. f6 Kh8 65. Kf8 Kh7 66. f7
b3 67. Bxb3 Kh8 68. Ke7 Kh7 {Diagram #} 69. f8=Q 1/2-1/2

[Event "New Zealand Open Championship 2017"]
[Site "Wellington NZL"]
[Date "2017.01.07"]
[Round "7.1"]
[White "Dale, Ari"]
[Black "Smith, Robert W"]
[Result "1-0"]
[WhiteElo "2333"]
[BlackElo "2324"]
[PlyCount "89"]
[EventDate "2017.??.??"]

1. d4 Nf6 2. c4 e6 3. Nc3 Bb4 4. e3 O-O 5. Bd3 d5 6. Nf3 c5 7. O-O dxc4 8. Bxc4
b6 9. a3 Bxc3 10. bxc3 Nbd7 11. Re1 Bb7 12. Bd3 Ne4 13. Bb2 f5 14. c4 Qf6 15.
Qc2 Qh6 16. a4 a5 17. Rad1 Ng5 18. Nxg5 Qxg5 19. Bf1 Bf3 20. Rd2 Rad8 21. Kh1
Be4 22. Qd1 Nf6 {Diagram #} 23. f3 Bc6 24. d5 exd5 25. cxd5 Bd7 26. Qb3 Qh4 27.
Ra1 Rb8 28. Be5 Rbe8 29. Bd6 Rf7 30. Qxb6 Rxe3 31. Qxa5 c4 32. Bg3 Qh6 33. Bxc4
Kh8 34. Rd4 Nh5 35. Bf2 Re8 36. Qd2 Qd6 37. a5 f4 38. a6 Bf5 39. Bb5 Rb8 40. a7
Rxa7 41. Rxa7 Rxb5 42. Ra8+ Rb8 43. Rxb8+ Qxb8 44. Rb4 Qd6 45. Rb6 1-0

[Event "New Zealand Open Championship 2017"]
[Site "Wellington NZL"]
[Date "2017.01.07"]
[Round "7.2"]
[White "Croad, Nicholas"]
[Black "Ker, Anthony F"]
[Result "1-0"]
[WhiteElo "2398"]
[BlackElo "2461"]
[PlyCount "149"]
[EventDate "2017.??.??"]

1. d4 d6 2. c4 e5 3. d5 Be7 4. Nc3 Bg5 5. e3 f5 6. Nf3 Bh6 7. h4 a5 8. c5 e4 9.
Ng5 Bxg5 10. hxg5 dxc5 11. b3 Qxg5 12. Nb5 Na6 13. d6 Nh6 14. dxc7 Nf7 15. Bb2
Be6 16. Nd6+ Nxd6 17. Qxd6 Qe7 18. Bb5+ Kf7 19. Qg3 Rag8 20. Bxa6 bxa6 21. Rd1
h6 22. Rd8 Rh7 23. Rb8 Rc8 24. Rxc8 Bxc8 25. O-O Qd7 26. Rc1 g5 27. Rxc5 Qd1+
28. Kh2 Qh5+ 29. Qh3 Qxh3+ 30. gxh3 Ke6 31. Rc2 Rd7 32. Bd4 Rd5 33. Bg7 h5 34.
Bh6 g4 35. Bf4 {Diagram # A strategically hopeless position for Black} Kd7 36.
Kg3 Bb7 37. Kh4 gxh3 38. Kxh3 Bc8 39. Kh4 Rd1 40. Kxh5 Rd5 41. Kg6 Bb7 42. Kf6
Bc8 43. Be5 Bb7 44. Kxf5 Kc8 45. Ke6 Rd7 46. Bg3 Bd5+ 47. Ke5 Bb7 48. Kf6 Bd5
49. Rc5 a4 50. bxa4 Rf7+ 51. Kg6 Rd7 52. a3 Bf7+ 53. Kf6 Bd5 54. Rc1 Rf7+ 55.
Kg6 Rf8 56. Rb1 Bb7 57. Kg7 Re8 58. Kf7 Rh8 59. Be5 Rh7+ 60. Kg6 Re7 61. Kf6
Re8 62. Rd1 Bc6 63. a5 Bb7 64. Bf4 Bc6 65. Kf7 Rh8 66. Rd4 Rh7+ 67. Ke6 Rh8 68.
Kd6 Bb7 69. Kc5 Rg8 70. Kb6 Ba8 71. Ka7 Bc6 72. Rd6 Bb5 73. Rb6 Kd7 {
Diagram # The logical consequence of the previous diagram} 74. Rxb5 axb5 75.
Kb7 1-0

[Event "New Zealand Open Championship 2017"]
[Site "Wellington NZL"]
[Date "2017.01.07"]
[Round "7.3"]
[White "Dive, Russell J"]
[Black "Reilly, Tim"]
[Result "1/2-1/2"]
[WhiteElo "2440"]
[BlackElo "2166"]
[PlyCount "51"]
[EventDate "2017.??.??"]

1. Nf3 g6 2. g3 Bg7 3. Bg2 e5 4. O-O Nc6 5. c4 d6 6. Nc3 f5 7. d3 Nf6 8. Rb1
O-O 9. b4 h6 10. b5 Ne7 11. c5 Be6 12. Ba3 g5 13. cxd6 cxd6 14. Qa4 f4 15. Nd2
d5 16. Qb3 Rf7 17. Nde4 dxe4 18. Qxe6 f3 19. exf3 Qxd3 20. Bxe7 exf3 {Diagram #
} 21. Bxf6 (21. Rfd1 $1 {wins} Qxc3 22. Rbc1 Qb2 23. Bxf6 {
and both White rooks are going to the seventh rank}) 21... fxg2 22. Rfe1 Bxf6
23. Nd5 ({And now} 23. Ne4 $1 {heading to d6 wins the exchange}) 23... Bg7 24.
Ne7+ Kf8 25. Ng6+ Kg8 26. Ne7+ 1/2-1/2

[Event "New Zealand Open Championship 2017"]
[Site "Wellington NZL"]
[Date "2017.01.07"]
[Round "7.5"]
[White "James, Jack"]
[Black "Wastney, Scott"]
[Result "0-1"]
[WhiteElo "2125"]
[BlackElo "2417"]
[PlyCount "78"]
[EventDate "2017.??.??"]

1. e4 e5 2. Nf3 Nc6 3. Bc4 Nf6 4. Ng5 d5 5. exd5 Na5 6. Bb5+ c6 7. dxc6 bxc6 8.
Bd3 Nd5 9. h4 Nf4 10. Bf1 h6 11. Ne4 Ne6 12. g3 Be7 13. Bg2 O-O 14. d3 f5 15.
Nec3 Bb7 16. Nd2 Rb8 17. O-O c5 18. Nf3 Nc6 19. b3 Bf6 20. Bb2 Ncd4 21. Ne1 g5
22. hxg5 hxg5 23. Bxb7 Rxb7 24. f3 Rh7 25. Ne2 Kg7 26. c3 Nc6 27. Ng2 c4 28.
Ne3 cxd3 29. Nxf5+ Kg6 30. Ned4 exd4 31. Qxd3 Kf7 32. Ba3 Rfh8 33. Nd6+ Kg7 34.
Nf5+ Kg8 35. Qc4 Qd7 36. Rad1 Ne5 37. Qb4 {Diagram #} Rh1+ 38. Kf2 R8h2+ 39.
Ke1 Nxf3# 0-1

[Event "New Zealand Open Championship 2017"]
[Site "Wellington NZL"]
[Date "2017.01.07"]
[Round "7.6"]
[White "Milligan, Helen"]
[Black "Lukey, Stephen G"]
[Result "0-1"]
[WhiteElo "2178"]
[BlackElo "2356"]
[PlyCount "88"]
[EventDate "2017.??.??"]

1. e4 e6 2. d4 d5 3. Nc3 Nf6 4. e5 Nfd7 5. f4 c5 6. Nf3 Nc6 7. Be3 a6 8. Qd2 b5
9. dxc5 Bxc5 10. Bxc5 Nxc5 11. Nd4 Bd7 12. a3 Qb6 13. Rd1 O-O 14. Nxc6 Bxc6 15.
Qd4 f6 16. exf6 Rxf6 17. Be2 Raf8 18. g3 Bb7 19. O-O Qc7 20. Bd3 Qc6 21. Rde1
h6 22. Nd1 e5 23. Rxe5 Ne6 24. Qe3 d4 25. Qe4 Qb6 26. Qe2 Ng5 27. h4 Nf7 28.
Re7 Nd6 29. Nf2 Kh8 30. Re1 Nf5 31. Bxf5 Rxf5 32. Qe6 Qxe6 33. R1xe6 Bd5 34.
Rxa6 Rc8 35. Raa7 Rxc2 36. Rxg7 Rc1+ 37. Kh2 Rf1 38. Rh7+ Kg8 {Diagram #} 39.
Rhg7+ $2 {The wrong Rook} ({
White can draw by keeping Black busy with the threat of lawnmower mate} 39.
Rag7+ Kf8 40. Rc7 Rxf2+ 41. Kg1 Rg2+ 42. Kf1 Kg8 43. Rcg7+ Kf8 44. Rc7) 39...
Kf8 40. Rh7 Rxf2+ 41. Kh3 Rf7 42. Raxf7+ Bxf7 43. Rxh6 d3 44. Rd6 d2 0-1

[Event "New Zealand Open Championship 2017"]
[Site "Wellington NZL"]
[Date "2017.01.07"]
[Round "7.7"]
[White "Green, Ewen M"]
[Black "Rains, Edward"]
[Result "0-1"]
[WhiteElo "2255"]
[BlackElo "2123"]
[PlyCount "46"]
[EventDate "2017.??.??"]

1. d4 Nf6 2. c4 g6 3. g3 Bg7 4. Bg2 O-O 5. Nc3 d6 6. Nf3 Nc6 7. O-O a6 8. d5
Na5 9. Nd2 c5 10. Qc2 b5 11. cxb5 axb5 12. Nxb5 Qb6 13. Nc3 Bf5 14. e4 Bc8 15.
b3 Ba6 16. Re1 Ng4 17. Nf3 c4 18. b4 Qxb4 19. Bd2 Qc5 20. Rf1 {Diagram #} Nb3
$1 21. axb3 cxb3 22. Qxb3 Bxf1 23. Rxf1 Ra3 0-1

[Event "New Zealand Open Championship 2017"]
[Site "Wellington NZL"]
[Date "2017.01.07"]
[Round "7.20"]
[White "Brockway, Andrew"]
[Black "Oka, Hikaru"]
[Result "1-0"]
[WhiteElo "1826"]
[BlackElo "1559"]
[PlyCount "109"]
[EventDate "2017.??.??"]

1. e4 c5 2. Nc3 d6 3. Bc4 Nf6 4. f4 Nc6 5. Nf3 g6 6. O-O Bg7 7. d3 a6 8. Qe1 b5
9. Bb3 Nd7 10. Ng5 O-O 11. Qh4 h6 12. Nf3 e6 13. Qh3 Nb6 14. Qg3 Nd4 15. Nxd4
Bxd4+ 16. Kh1 d5 17. Ne2 Bg7 18. c3 c4 19. Bc2 Bb7 20. f5 cxd3 21. Bxd3 dxe4
22. Bc2 exf5 23. Bf4 Nd5 24. Rad1 Qb6 25. Bc1 Rfd8 26. Bb3 Qc7 {Diagram #} 27.
Rxd5 $1 Qxg3 28. Rxd8+ Rxd8 29. hxg3 Kf8 30. Kg1 Ke7 31. Kf2 g5 32. Be3 Be5 33.
Bc5+ Kf6 34. Rd1 Rxd1 35. Bxd1 Bd5 36. Bb3 Bxb3 37. axb3 f4 38. gxf4 gxf4 39.
Bd4 Kf5 40. Bxe5 Kxe5 41. Nd4 f5 42. Nc6+ Kf6 43. Nb4 h5 44. Nxa6 h4 45. Nb4 f3
46. Nd5+ Kg5 47. gxf3 h3 48. fxe4 fxe4 49. Kg3 Kf5 50. Ne3+ Ke5 51. Ng4+ Kd5
52. Kxh3 b4 53. Kg3 bxc3 54. bxc3 Kd6 55. Kf4 1-0

[Event "New Zealand Open Championship 2017"]
[Site "Wellington NZL"]
[Date "2017.01.08"]
[Round "8.5"]
[White "Rains, Edward"]
[Black "Gong, Daniel Hanwen"]
[Result "0-1"]
[WhiteElo "2123"]
[BlackElo "2255"]
[PlyCount "86"]
[EventDate "2017.??.??"]

1. e4 c5 2. Nc3 a6 3. g3 b5 4. d3 Bb7 5. Bg2 e6 6. f4 d5 7. Qe2 Nf6 8. e5 Nfd7
9. Nh3 Nc6 10. O-O g6 11. Nd1 Be7 12. c3 a5 13. Ndf2 Qc7 14. Bd2 b4 15. a3 bxc3
16. bxc3 a4 17. Ng4 h5 18. Ne3 Na5 19. Rae1 Nb6 20. f5 gxf5 {Diagram #} 21.
Nxf5 exf5 22. Rxf5 Bc8 23. Rxh5 (23. Rf6 Bxf6 24. exf6+ Be6 {White is a whole
rook down but Stockfish is sanguine and wants White to continue building up
starting with} 25. c4 $5) 23... Rxh5 24. Qxh5 Be6 25. c4 Nb3 26. cxd5 Nxd5 27.
Qh8+ Bf8 28. Bg5 c4 29. dxc4 Qxc4 30. Nf4 Nxf4 31. gxf4 Rc8 32. Bh6 Qc5+ 33.
Kh1 Qxa3 34. Rf1 Rc1 35. Bxf8 Qxf8 36. Qh4 Rxf1+ 37. Bxf1 Bd5+ 38. Bg2 Qc5 39.
Qh8+ Kd7 40. e6+ Bxe6 41. Bf3 Bd5 42. Bxd5 Qxd5+ 43. Kg1 Qd4+ 0-1

[Event "New Zealand Open Championship 2017"]
[Site "Wellington NZL"]
[Date "2017.01.08"]
[Round "8.8"]
[White "Forster, William"]
[Black "Timergazi, Layla"]
[Result "1-0"]
[WhiteElo "2081"]
[BlackElo "2117"]
[PlyCount "49"]
[EventDate "2017.??.??"]

1. d4 Nf6 2. c4 g6 3. Nc3 Bg7 4. e4 d6 5. h3 O-O 6. Bg5 Nc6 7. d5 Nb4 8. a3 Na6
9. b4 e6 10. Rc1 Re8 11. Bd3 h6 12. Be3 exd5 13. cxd5 Nxe4 14. Nxe4 f5 15. Ng3
f4 16. Bxg6 Re5 17. Nf3 fxe3 18. O-O Rg5 19. Nxg5 Qxg5 {Diagram # My personal
favourite moment of the tournament. Black is an exchange down but is (kind of)
forking Bishop and Knight. White would love to recapture on f2 with the Rook,
but that seems to lose one of the pieces (Qd3 is impossible in these lines as
it leaves Rc1 en-prise). I spent 15 minutes and eventually hit on a complete
solution (Stockfish takes about 1.5 milliseconds - even on my slow laptop).}
20. Bb1 $1 e2 {This leaves White with extra material and a safe position but
the point is that if} (20... exf2+ 21. Rxf2 Qxg3 {White has} 22. Qc2 {
and the mate threat on h7 decides}) 21. Qxe2 Bd7 22. Qd3 Re8 23. Rfe1 Be5 24.
Qh7+ Kf8 25. Qxd7 1-0

[Event "New Zealand Open Championship 2017"]
[Site "Wellington NZL"]
[Date "2017.01.08"]
[Round "8.12"]
[White "Yee, Stanley"]
[Black "Rossiter, Philip E"]
[Result "1/2-1/2"]
[WhiteElo "2049"]
[BlackElo "1900"]
[PlyCount "154"]
[EventDate "2017.??.??"]

1. e4 e6 2. d4 d5 3. Nc3 Nf6 4. e5 Nfd7 5. Nf3 c5 6. Be3 Nc6 7. Qe2 a6 8. O-O-O
c4 9. g3 b5 10. a3 Qa5 11. Kd2 b4 12. axb4 Qxb4 13. Rb1 Nb6 14. Kc1 Bd7 15. Bd2
Qa5 16. Kd1 Bb4 17. Ke1 Rb8 18. Qd1 Na4 19. Nxa4 Qxa4 20. c3 Qxd1+ 21. Kxd1 Be7
22. Bc1 a5 23. Nd2 a4 24. Ra1 Na5 25. Be2 O-O 26. Ke1 Nb3 27. Nxb3 {(=)} cxb3
28. Rb1 Bb5 29. Bxb5 Rxb5 30. Ke2 Ra8 31. Rd1 h6 32. f4 g6 33. Kd3 Rab8 34. Rf1
a3 35. bxa3 b2 36. Bd2 Bxa3 37. g4 R5b6 38. f5 Kg7 39. f6+ Kh7 40. Rf3 Bf8 41.
Rh3 Rb3 42. Kc2 R3b5 {(=)} 43. Bxh6 Bxh6 44. g5 R8b7 45. Rxh6+ Kg8 46. Rh3 Rb3
47. Rg3 R3b5 48. h4 Rb3 49. Rh3 Kh7 50. Rhh1 R3b5 51. Rh2 Rb3 52. Kd3 Rc7 53.
Rc2 Rcb7 54. Kd2 Kg8 55. Ke3 Rc7 56. Rbxb2 Rcxc3+ 57. Rxc3 Rxc3+ 58. Kf4 Rh3
59. Kg4 Re3 60. Rb8+ Kh7 {Diagram # White is winning} 61. Rf8 $2 (61. h5 $1
Re4+ 62. Kf3 gxh5 63. Rf8 Kg6 64. Rg8+ Kh7 65. Rg7+) 61... Re4+ 62. Kg3 Rxd4 $2
{Now White is winning again} ({If Phil had been paying attention to the way
this tournament was going he would have drawn immediately with} 62... Re3+ $1
63. Kf2 Re2+ $3 {and stalemate}) 63. Rxf7+ Kg8 64. Re7 Re4 65. h5 Rxe5 66. Rg7+
Kh8 67. Rxg6 Rf5 68. h6 d4 69. Rg7 d3 70. f7 d2 71. Rg8+ ({The right idea is} 
71. g6 $1 {threatening Rh7 mate} Rg5+ 72. Kf4 Rg4+ $1 {good try} 73. Ke5 Rg5+
74. Kf6 Rf5+ 75. Ke7 {and wins}) 71... Kh7 72. Rd8 $2 {Throwing away the win
once and for all, White could have checked twice and got back on track as per
the previous note} Rxg5+ 73. Kh4 Rf5 74. Rxd2 Rxf7 75. Kg5 Rf5+ 76. Kg4 Kxh6
77. Re2 Rg5+ 1/2-1/2

[Event "New Zealand Open Championship 2017"]
[Site "Wellington NZL"]
[Date "2017.01.09"]
[Round "9.4"]
[White "Dive, Russell J"]
[Black "Croad, Nicholas"]
[Result "1-0"]
[WhiteElo "2440"]
[BlackElo "2398"]
[PlyCount "77"]
[EventDate "2017.??.??"]

1. Nf3 Nf6 2. c4 e6 3. g3 d5 4. Bg2 Be7 5. O-O O-O 6. d4 c6 7. Nbd2 b6 8. Qc2
Bb7 9. e4 Na6 10. a3 c5 11. cxd5 exd5 12. e5 Nd7 13. dxc5 bxc5 14. Nb3 Rc8 15.
Bd2 Bc6 16. Nc1 Nb6 17. Nd3 d4 18. Nf4 Qc7 19. Qf5 g6 20. Qh3 Nc4 21. Bc1 Nxe5
22. Nxe5 Qxe5 23. Bd2 Bf6 24. Rfe1 Qd6 25. Rac1 Rfe8 26. Rxe8+ Rxe8 27. b4 {
Diagram #} Bxg2 (27... Bd7 $1 28. Qh6 cxb4 29. axb4 Nxb4 {
Leaves Black a safe two pawns up}) 28. Qxg2 cxb4 $2 {This doesn't seem wise,
the computer finds play for the piece, but it requires computer like precision}
29. Rc6 Qb8 (29... Qd7 {apparently is better}) 30. axb4 (30. Rxf6 $1 {meeting}
b3 {with} 31. Nd3 b2 32. Nxb2 Qxb2 33. Qd5 $1 {wins}) 30... Be7 ({now} 30...
Nxb4 $1 31. Rxf6 Qe5 {maintains the balance}) 31. Rxa6 {Now White's attack is
just as dangerous as Black's and he has a safe extra piece} Bxb4 32. Bxb4 Qxb4
33. Qd5 Qb1+ 34. Kg2 Re1 35. Rxa7 Rg1+ 36. Kh3 Kg7 37. Qxf7+ Kh6 38. Qxh7+ Kg5
39. Qe7+ 1-0